[Event "Satka Autumn 2020"]
[Site "Satka"]
[Date "2020.10.29"]
[Round "9.12"]
[White "Leolko, Ludmila"]
[Black "Martynyuk, Elizaveta"]
[Result "0-1"]
[WhiteElo "1899"]
[BlackElo "2102"]
[Annotator "TA"]
[PlyCount "90"]
[EventDate "2020.10.21"]
[EventType "swiss"]
[EventCountry "RUS"]
[SourceTitle "playchess.com"]
[Source "ChessBase"]
[SourceQuality "1"]

{[%evp 9,90,-2,-8,-8,-4,-4,29,14,15,20,37,-6,40,43,37,31,50,3,16,2,1,-6,-8,-9,5,0,0,-1,46,36,27,16,37,20,42,40,64,43,175,53,78,11,15,-44,-46,-47,-35,-36,-37,-375,-350,-376,-376,-370,-312,-388,-312,-672,-650,-656,-727,-718,-724,-719,-716,-668,-631,-730,-729,-29969,-29970,-29985,-29986,-29986,-274,-29985,-29986,-29987,-29971,-29982,-29983,-29989,-29990]} 1. e4 c5 2. Nf3 g6 3. c3 Nf6 4. d3 d6 5. g3 Bg7 6. Bg2 {B50: Sicilian: 2...d6, Miscellaneous.} O-O 7. O-O c4 8. Na3 {White has an edge.} cxd3 9. Qxd3 Nbd7 10. Be3 Nc5 11. Bxc5 $1 dxc5 12. Qe2 Qc7 13. h3 h6 14. e5 Nd5 15. c4 Nb4 16. Nb5 {[%cal Ba3b5,Bb5c3,Bc3d5][%mdl 32]} Qb8 17. Nc3 Be6 18. Rad1 a6 19. a3 $36 {[%mdl 2048] White has some pressure.} Nc6 {[%cal Rc6e5]} 20. Rfe1 Rd8 21. Nd5 b5 22. b3 Ra7 23. Qe3 Bxd5 (23... Rad7 $14) 24. Rxd5 (24. cxd5 $18 Nd4 25. Nxd4 cxd4 26. Qxd4 (26. Rxd4 Qb6 $16)) 24... bxc4 25. bxc4 (25. Rxc5 $16 Rd3 26. Qe4) 25... e6 $11 26. Rxc5 (26. Rxd8+ $11 Qxd8 27. Qxc5) 26... Rc7 $15 27. Nh2 Nd4 28. Rxc7 Qxc7 29. Ng4 $2 {[%mdl 8192] White is on the road to losing.} ({White should try} 29. Rb1 $15) 29... Nc2 $19 {[%mdl 64] [#] Double Attack} 30. Qc1 Nxe1 31. Qxe1 Qxc4 32. Qe3 Qd4 33. Nxh6+ $2 (33. Bf1) 33... Bxh6 34. Qxh6 Qxe5 {[%mdl 4096] Endgame KQR-KQB} 35. Qc1 Qe2 {aiming for ...Rd1+.} 36. Qf4 Rd1+ 37. Kh2 Rd2 38. Kg1 e5 39. Qf6 e4 40. Bf1 {[#]} Qe1 $1 41. Qb6 a5 $2 (41... Rd1 {mates} 42. Qxa6 e3 43. fxe3 Qxg3+ 44. Kh1 Qf3+ {[%mdl 64] Double Attack} 45. Kg1 Qg3+ 46. Kh1 Qf3+ {[%mdl 64] Double Attack} 47. Kg1 Qg3+) 42. h4 $2 (42. Qb8+ $19 Kh7 43. Qf4) 42... Rd1 {Black mates.} 43. Qb5 Rb1 44. Qe8+ Kg7 45. Qe5+ Kh7 {Av CentiPawn Loss W=-82/B=-40. Weighted=-108/-27} 0-1

[Event "Satka Autumn 2020"]
[Site "Satka"]
[Date "2020.10.29"]
[Round "9.13"]
[White "Nikulina, Anastasiya"]
[Black "Vanishvili, Mari"]
[Result "1-0"]
[WhiteElo "1604"]
[BlackElo "1878"]
[Annotator "NA RC"]
[PlyCount "71"]
[EventDate "2020.10.21"]
[EventType "swiss"]
[EventCountry "RUS"]
[SourceTitle "playchess.com"]
[Source "ChessBase"]
[SourceQuality "1"]
[TimeControl "5400+30"]

{[%evp 8,55,37,32767,32767,32767,34,29,45,30,67,-5,17,32767,25,0,29,18,38,19,45,17,33,0,0,0,127,129,142,32767,32767,105,32767,32767,32767,343,341,353,400,366,399,32767,32767,32767,515,463,498,429,343,454]} 1. e4 {[%emt 0:00:00]} e5 {[%emt 0:12:30]} 2. Nf3 {[%emt 0:00:06]} d6 {[%emt 0:00:11]} 3. d4 {[%emt 0:00:05]} exd4 {[%emt 0:00:04]} 4. Nxd4 {[%emt 0:00:03]} Nf6 {[%emt 0:00:06]} 5. Nc3 {[%emt 0:00:06]} Be7 {[%emt 0:00:12]} 6. Bf4 {[%emt 0:00:11]} O-O {[%emt 0:00:17]} 7. Qd2 {[%emt 0:00:08]} a6 {[%emt 0:01:52]} 8. O-O-O {[%emt 0:00:07]} b5 {[%emt 0:00:19]} 9. Rg1 {[%emt 0:08:30]} (9. f3 $14) 9... Re8 {[%emt 0:06:17]} 10. Nf5 {[%emt 0:05:03]} Bf8 {[%emt 0:09:55] Remove Defender} (10... Bxf5 $5 11. exf5 b4 $11) 11. f3 {[%emt 0:08:09]} Bxf5 {[%emt 0:07:48]} 12. exf5 {[%emt 0:00:07]} Nbd7 {[%emt 0:13:03]} 13. g4 {[%emt 0:03:38]} b4 {[%emt 0:00:43]} 14. Nd5 {[%emt 0:08:12]} c6 {[%emt 0:12:05]} 15. Nxf6+ {[%emt 0:13:48]} Nxf6 {[%emt 0:00:23]} 16. Bxd6 {[%emt 0:00:54]} Qa5 {[%emt 0:03:21] [#]} (16... Qb6 $1 $11 17. Bxf8 Qxg1 18. Bxg7 (18. Bxb4 Nd5 $11) 18... Kxg7 19. Qg5+ Kf8 20. Qxf6 Qe3+ {[%mdl 64] Double Attack} 21. Kb1 Rad8) 17. Bxf8 $1 {[%emt 0:05:07]} Qxa2 {[%emt 0:01:40]} 18. Qxb4 {[%emt 0:02:19]} Rxf8 {[%emt 0:00:15]} 19. Bc4 {[%emt 0:02:10]} c5 {[%emt 0:02:47]} 20. Bxa2 {[%emt 0:00:54]} cxb4 {[%emt 0:00:05]} 21. g5 {[%emt 0:01:46]} Nh5 {[%emt 0:01:04]} 22. g6 {[%emt 0:04:24]} a5 {[%emt 0:04:51]} 23. Rd4 {[%emt 0:09:02]} Nf6 {[%emt 0:02:00]} 24. h4 {[%emt 0:03:51]} Rab8 {[%emt 0:02:20]} 25. Rd6 {[%emt 0:03:21]} Rfc8 $2 {[%emt 0:04:56]} (25... Rfd8 {was worth a try.} 26. Bxf7+ (26. gxf7+ Kf8 $18) 26... Kf8) 26. Bxf7+ {[%emt 0:04:57]} Kf8 {[%emt 0:00:45]} 27. Bb3 {[%emt 0:03:04]} hxg6 {[%emt 0:01:11]} 28. fxg6 $18 {[%emt 0:00:55]} Rc7 {[%emt 0:03:00]} 29. Ra6 {[%emt 0:02:44]} Ke7 {[%emt 0:02:16]} 30. Rxa5 {[%emt 0:01:07]} Rh8 {[%emt 0:00:21]} 31. Re1+ {[%emt 0:01:34]} Kd6 {[%emt 0:01:38]} 32. Re6+ {[%emt 0:02:05]} Kd7 {[%emt 0:00:06]} 33. Rxf6 {[%emt 0:00:37]} Rxc2+ {[%emt 0:00:40]} 34. Kxc2 {[%emt 0:00:18]} Rc8+ {[%emt 0:00:26]} 35. Kd3 {[%emt 0:00:09]} gxf6 {[%emt 0:00:08]} 36. g7 {[%emt 0:00:16]} 1-0